| 000 | 01005cam a2200289 a 4500 | ||
|---|---|---|---|
| 001 | 677251 | ||
| 005 | 20251103144755.0 | ||
| 008 | 950315s1995 moua b 001 0 eng | ||
| 020 | _a0801679400 | ||
| 020 | _a9780801679407 | ||
| 050 | 0 | 0 |
_aRT98 _b.C56 1995 |
| 082 | 0 | 0 |
_a362.1/73 _220 |
| 100 | 1 | _aClemen-Stone, Susan. | |
| 245 | 1 | 0 |
_aComprehensive community health nursing : _bfamily, aggregate, & community practice / _cSusan Clemen-Stone, Diane Gerber Eigsti, Sandra L. McGuire. |
| 250 | _a4th ed. | ||
| 260 |
_aSt. Louis : _bMosby, _cc1995. |
||
| 300 |
_axvii, 950 p. ; _bill. ; _c27 cm. |
||
| 500 | _aThird ed. published under title: Comprehensive family and community health nursing. | ||
| 650 | 0 | _aCommunity health nursing. | |
| 650 | 0 |
_aFamilies _xHealth and hygiene. |
|
| 650 | 0 |
_aCommunity health nursing _zUnited States. |
|
| 650 | 2 | _aCommunity Health Nursing. | |
| 650 | 2 | _aFamily. | |
| 700 | 1 | _aEigsti, Diane Gerber. | |
| 700 | 1 | _aMcGuire, Sandra L. | |
| 942 |
_2lcc _cBK _e4th ed. _n0 |
||
| 999 |
_c7997 _d7997 |
||